World economic survey 1960 (Record no. 19704)
[ view plain ]
| 000 -LEADER | |
|---|---|
| fixed length control field | 00505nam a22001337a 4500 |
| 008 - FIXED-LENGTH DATA ELEMENTS--GENERAL INFORMATION | |
| fixed length control field | 230410b |||||||| |||| 00| 0 eng d |
| 040 ## - CATALOGING SOURCE | |
| Original cataloging agency | National Science Library |
| Transcribing agency | National Science Library |
| 080 ## - UNIVERSAL DECIMAL CLASSIFICATION NUMBER | |
| Universal Decimal Classification number | 338(100) |
| Item number | K1 |
| 245 ## - TITLE STATEMENT | |
| Title | World economic survey 1960 |
| Statement of responsibility, etc. | / United Nations, Department of Economic and Social Affairs, New York, 1961 |
| 260 ## - PUBLICATION, DISTRIBUTION, ETC. | |
| Place of publication, distribution, etc. | New York: |
| Name of publisher, distributor, etc. | United Nations, Department of Economic and Social Affairs, |
| Date of publication, distribution, etc. | 1961237 |
| 300 ## - PHYSICAL DESCRIPTION | |
| Extent | xi, 237p. |
| 650 ## - SUBJECT ADDED ENTRY--TOPICAL TERM | |
| Topical term or geographic name entry element | Economic history |
| 942 ## - ADDED ENTRY ELEMENTS (KOHA) | |
| Source of classification or shelving scheme | Universal Decimal Classification |
| Koha item type | Reports |
| Withdrawn status | Lost status | Source of classification or shelving scheme | Damaged status | Not for loan | Home library | Current library | Shelving location | Date acquired | Total Checkouts | Full call number | Barcode | Date last seen | Price effective from | Koha item type |
|---|---|---|---|---|---|---|---|---|---|---|---|---|---|---|
| Universal Decimal Classification | National Science Library | National Science Library | GF/Rk-5/C-7/R-1 | 04/08/2004 | 338(100) K1 | 194751 | 10/04/2023 | 04/08/2004 | Reports |